00752nam a22002051 450000100060000000300080000600500170001400800390003103500190007004000320008904100110012108200200013210000330015224501370018526000380032230000520036049000280041260000600044065000460050021875BD-RjUL20211209000735.0140305s1966 enkabh 000 0 eng a(BD-RjUL)21940 aDLCcDLCdDLCdBD-RjULbeng1 aengjpn a895.6bMAN 19661 aMatsuo, Bashò„,d1644-1694.14aThe narrow road to the Deep North, and other travel sketches /ctranslated from the Japanese with an introduction by Nobuyuki Yuasa. aHarmondsworth :bPenguin,cc1966. a167 p. :bill., maps, facsim., diagr. ;c18 cm.0 aPenguin classics,vL18510aMatsuo, Bashò„,d1644-1694xTranslations into English. 0aVoyages and travelsvEarly works to 1800.